000 00960cam a22003257a 4500
003 CHAP
005 20220329140827.0
008 971013s1971 r 00010 d
010 _a58224
011 _a59196
035 _a63353
040 _cCHAP
082 _a577
_bP5
100 0 0 _aPrice, John T.
_991581
245 1 4 _aThe origen and evolution of life
260 _aLondon :
_bEnglish Universities,
_c1971
300 _a120 p.
_b: ilus.
490 0 _aBridge series
590 _aBATCH-UPD
_b10
_c20130110
_lUCH01
_h0353
590 _aBATCH-UPD
_b10
_c20130110
_lUCH01
_h1831
590 _aBATCH-UPD
_b10
_c20130410
_lUCH01
_h0026
590 _aBATCH-UPD
_b10
_c20130914
_lUCH01
_h1335
590 _aCONVERSION
_b10
_c20130109
_lUCH01
_h1331
650 1 4 _aEvolución.
_939007
650 1 4 _aVida
_xOrigen.
_9119147
830 0 _aBridge series
_915315
901 _aBK
942 _cLIBRO
949 _a577 P5
_bBC
_cLIBRO
_d-136058
_eLIBRO
_h38797
_i63353
_si
_t150.00
999 _c58224
_d58224